000 00617nam a22001217a 4500
040 _cRUA
082 _aAGR KEA 2017 B633 Or.1
245 _acultivation technique and arthropod in paddy filed in kompong thom and battambang provinces បច្ចេកទេសដាំណុះនិង​​សមាសភាព arthropod លើដាំណាំស្រូវនៅចេត្តកំពុងធំនិងបាត់ដំបង
260 _aRUA
_bAGR
_c2017
300 _axiv;55p
_bill;
_c29cm;
856 _uhttps://drive.google.com/file/d/1psq-M-rWi0nOII9WYTf1eAuO4fTNSaqu/view?usp=sharing
942 _cAGR
999 _c17906
_d17906